=LDR 00000nam 2200000 4500 =001 INLIS000000000022484 =005 20130612121234 =008 ***********************************Ind** =035 ##$$a0010-061300000022484 =041 ##$$a Ind =082 ##$$a 632.9 =090 ##$$a 632.9, Unt-k =100 ##$$a Untung, Kasumbogo =245 ##$$a Konsep Pengendalian Hama Terpadu, Kasumbogo Untung =260 ##$$a 1993 $b Yogyakarta =300 ##$$a v, 150 hlm., ilus., 22 cm =650 ##$$a Hama-Pengendalian-Kumpulan Makalah =850 ##$$a NBPNMAT =990 ##$$a 0001/BPAP-NTB/20142014